00000000cam 2200000zi 4500
0019.961759
003CaOODSP
00520260511111340
006m     o  d f      
007cr cn ||||||||
008260409t20262026oncab   ob   f000 0 eng d
020 |a9780660994581
040 |aCaOODSP|beng|erda|cCaOODSP
041 |aeng|beng|bfre
043 |an-cn-bc
0861 |aFs97-6/3770E-PDF
1001 |aGartner, Heidi, |eauthor.
24514|aThe 2025 NorthEast Pacific Deep-sea Exploration Project (NEPDEP) expedition report (PAC2025-M14) / |cHeidi Gartner, Daniel M. Labbé, and Marilyn Briè€re-Deschè‚nes.
264 1|a[Ottawa] : |bFisheries and Oceans Canada, |c2026.
264 4|c©2026
300 |a1 online resource (viii, 67 pages) : |bmaps, illustrations, figures.
336 |atext|btxt|2rdacontent
337 |acomputer|bc|2rdamedia
338 |aonline resource|bcr|2rdacarrier
4901 |aCanadian technical report of fisheries and aquatic sciences, |x1488-5379 ; |v3770
504 |aIncludes bibliographical references (page 37).
546 |aIncludes abstracts in English and French.
650 0|aCold seeps|xResearch|zCanada.
650 0|aDeep-sea sounding|zBritish Columbia|zPacific Coast.
650 0|aMarine accidents|xInvestigation|zBritish Columbia|zPacific Coast.
650 0|aOceanography|zBritish Columbia|zPacific Coast.
650 6|aSuintements froids|xRecherche|zCanada.
650 6|aSondage (Océanographie)|zColombie-Britannique|zPacifique, Côte du.
650 6|aNavigation|xAccidents|xEnquêtes|zColombie-Britannique|zPacifique, Côte du.
650 6|aOcéanographie|zColombie-Britannique|zPacifique, Côte du.
7101 |aCanada. |bDepartment of Fisheries and Oceans, |eissuing body.
830#0|aCanadian technical report of fisheries and aquatic sciences ;|v3770.|w(CaOODSP)9.504449
85640|qPDF|s6.53 MB|uhttps://publications.gc.ca/collections/collection_2026/mpo-dfo/fs97-6/Fs97-6-3770-eng.pdf